[Event "AUT-chT2M 9899"]
[Site "Austria"]
[Date "1998.11.27"]
[Round "1"]
[White "Loidl, Florian"]
[Black "Hofmayr, K."]
[Result "1-0"]
[WhiteElo "2027"]
[BlackElo "2275"]
[PlyCount "83"]
[EventDate "1998.11.??"]
[EventType "team-swiss"]
[EventRounds "11"]
[EventCountry "AUT"]
[SourceTitle "EXT 2000"]
[Source "ChessBase"]
[SourceDate "1999.11.16"]
[SourceVersion "1"]
[SourceVersionDate "1999.11.16"]
[SourceQuality "1"]

1. e4 e5 2. Nf3 Nc6 3. Bb5 f5 4. 0-0 fxe4 5. Bxc6 dxc6 6. Nxe5 Nf6 7. d4 exd3 8. Re1 Be7 9. Qxd3 Qxd3 10. Nxd3 Bf5 11. Bg5 Rf8 12. Nc3 Bxd3 13. cxd3 Kd7 14. Ne4 Rae8 15. Bxf6 Bxf6 16. Nxf6+ Rxf6 17. Rxe8 Kxe8 18. Kf1 Kd7 19. Re1 c5 20. Re5 Ra6 21. a3 Rb6 22. Rf5 Rxb2 23. Rf7+ Ke6 24. Rxg7 Rd2 25. Rxh7 Rxd3 26. g4 c4 27. Ke2 Rxa3 28. g5 Ra2+ 29. Ke3 c3 30. g6 Ra1 31. Kd3 Rg1 32. Rh6 b5 33. Kxc3 a5 34. h4 c5 35. h5 Kd5 36. Rh8 b4+ 37. Kd2 a4 38. h6 a3 39. g7 a2 40. Ra8 c4 41. Rxa2 c3+ 42. Kd3 1-0